[Event "IX EICC"]
[Site "Plovdiv BUL"]
[Date "2008.04.22"]
[Round "2"]
[White "Fridman,D2"]
[Black "Berescu,A"]
[Result "1/2-1/2"]
[WhiteElo "2640"]
[BlackElo "2481"]
[EventDate "2008.04.21"]

1. d4 Nf6 2. c4 e6 3. Nc3 Bb4 4. Qc2 d5 5. a3 Bxc3+ 6. Qxc3 Ne4 7. Qc2 c5
8. dxc5 Nc6 9. e3 Qa5+ 10. Bd2 Qxc5 11. b4 Qe7 12. Bc3 Nxc3 13. Qxc3 O-O
14. Nf3 a6 15. Rc1 dxc4 16. Bxc4 Bd7 17. O-O Rfc8 18. Rfd1 Na7 19. Qb3 Qe8
20. Qb2 Bb5 21. Ne5 f6 22. Bxb5 Qxb5 23. Nf3 Rxc1 24. Rxc1 Qd5 25. Nd4 Rc8
26. Rxc8+ Nxc8 27. Qc2 Ne7 28. h3 e5 29. Nb3 b6 30. e4 Qc6 31. Qd3 Qb5 32.
Qxb5 axb5 33. f4 Nc8 34. fxe5 fxe5 35. Kf2 Nd6 36. Nd2 Kf7 37. Ke3 Ke6 38.
Kd3 h6 39. Nb1 Kd7 40. Nc3 Kc6 41. Nd5 Ne8 42. Ke3 Nc7 43. Nxc7 Kxc7 44.
Kf3 Kd6 45. Kg4 g6 46. h4 Ke6 47. h5 g5 48. Kf3 1/2-1/2

[Event "IX EICC"]
[Site "Plovdiv BUL"]
[Date "2008.04.22"]
[Round "2"]
[White "Ter Sahakyan,S"]
[Black "Kritz,L"]
[Result "0-1"]
[WhiteElo "2449"]
[BlackElo "2609"]
[EventDate "2008.04.21"]

1. e4 e5 2. Nf3 Nc6 3. Bb5 Nf6 4. O-O Nxe4 5. d4 Nd6 6. Bxc6 dxc6 7. dxe5
Nf5 8. Qxd8+ Kxd8 9. Nc3 Ke8 10. h3 Be7 11. g4 Nh4 12. Nxh4 Bxh4 13. Kg2 h5
14. f3 Be6 15. Be3 a5 16. g5 Bf5 17. Rac1 Rd8 18. Ne2 Rd5 19. f4 f6 20.
exf6 gxf6 21. Nd4 Be4+ 22. Kh2 Kf7 23. Nf3 Bxf3 24. Rxf3 Re8 25. Kg2 Kg6
26. gxf6 Kxf6 27. Kf1 Rg8 28. Bf2 Bxf2 29. Rxf2 Rg3 30. Re1 Rxh3 31. Kg2
Rh4 32. Re8 Rf5 33. Rc8 Rg4+ 34. Kh3 Rgxf4 35. Rxf4 Rxf4 36. Rxc7 Rb4 37.
b3 a4 38. Rh7 axb3 39. axb3 Ke5 40. Rxh5+ Kd4 41. Kg3 b6 42. Kf3 Kc3 43.
Rh2 b5 44. Ke3 Rg4 45. Ke2 Rg6 46. Kf1 Re6 47. Rf2 Re5 48. Rh2 c5 49. Rf2
b4 50. Rh2 Re6 51. Rf2 Ra6 52. Rf5 Ra5 0-1

[Event "IX EICC"]
[Site "Plovdiv BUL"]
[Date "2008.04.22"]
[Round "2"]
[White "Pelletier,Y"]
[Black "Perunovic,Mio"]
[Result "1-0"]
[WhiteElo "2607"]
[BlackElo "2420"]
[EventDate "2008.04.21"]

1. d4 Nf6 2. c4 e6 3. Nf3 b6 4. Nc3 Bb4 5. Bg5 Bb7 6. Nd2 h6 7. Bh4 Nc6 8.
a3 Bxc3 9. bxc3 g5 10. Bg3 d6 11. e3 Qe7 12. Be2 O-O-O 13. Rb1 e5 14. d5
Na5 15. e4 Nd7 16. h4 Kb8 17. h5 Nc5 18. Qc2 Bc8 19. Nf1 Rhf8 20. Ne3 Nxe4
21. Qxe4 f5 22. Qc2 f4 23. O-O e4 24. Qd2 fxg3 25. fxg3 Qe5 26. g4 Qg3 27.
Qd4 Rde8 28. Rxf8 Rxf8 29. Nf1 Qf4 30. g3 Qf7 31. Nd2 Re8 32. Nf1 e3 33.
Nxe3 Qe7 34. Kf2 Nb7 35. Bd3 Nc5 36. Bg6 Qf8+ 37. Kg2 Re5 38. Rf1 Qd8 39.
Rf7 Nb3 40. Qd3 Qe8 41. Rf3 Qa4 42. Rf8 Nc5 43. Qc2 Rxe3 44. Qxa4 Nxa4 45.
Bf5 Rxc3 46. Rxc8+ Kb7 47. Rh8 b5 48. cxb5 Rxa3 49. Rxh6 1-0

[Event "IX EICC"]
[Site "Plovdiv BUL"]
[Date "2008.04.22"]
[Round "2"]
[White "Lysyj,I"]
[Black "Swiercz,D"]
[Result "1/2-1/2"]
[WhiteElo "2595"]
[BlackElo "2413"]
[EventDate "2008.04.21"]

1. d4 f5 2. Nc3 Nf6 3. Bg5 d5 4. Bxf6 exf6 5. e3 Be6 6. Qf3 Qd7 7. Bb5 Nc6
8. Nge2 a6 9. Ba4 O-O-O 10. Nf4 Bb4 11. Nd3 Bxc3+ 12. bxc3 Qd6 13. Bxc6
Qxc6 14. Kd2 b6 15. Rab1 a5 16. h4 g6 17. Rb3 Qd6 18. Rhb1 h6 19. Rh1 g5
20. g3 Rdf8 21. hxg5 hxg5 22. Rxh8 Rxh8 23. c4 dxc4 24. Qa8+ Kd7 25. Qxh8
cxb3 26. axb3 Qe7 27. c4 Qd8 28. Qh6 Kc8 29. f4 g4 30. Kc3 Kb8 31. Qh7 Bc8
32. e4 fxe4 33. Qxe4 Qd6 34. b4 Bd7 35. d5 axb4+ 36. Nxb4 Kb7 37. Qe3 Qf8
38. Qe4 f5 39. Qh1 Qf6+ 40. Kb3 Qd4 41. Qc1 Qf2 42. Qc3 Qg1 43. Qd3 Qe1 44.
Nc6 Qc1 45. Ne5 Be8 46. Qc3 Qd1+ 47. Ka3 Qg1 48. Kb3 Qd1+ 49. Kb2 Ba4 50.
Nd3 Qe2+ 51. Ka3 Be8 52. c5 bxc5 53. Nxc5+ Kc8 54. Qh8 Qe3+ 55. Nb3 Qe7+
56. Kb2 Qe2+ 57. Ka3 Qe7+ 58. Kb2 Qe2+ 59. Kc3 Qe3+ 60. Kc4 Qe2+ 61. Kb4
Qe4+ 62. Kc3 Qe3+ 63. Kb2 Qe2+ 1/2-1/2

[Event "IX EICC"]
[Site "Plovdiv BUL"]
[Date "2008.04.22"]
[Round "2"]
[White "Bakalarz,M"]
[Black "Cao Sang"]
[Result "1/2-1/2"]
[WhiteElo "2361"]
[BlackElo "2535"]
[EventDate "2008.04.21"]

1. d4 Nf6 2. Nf3 c5 3. c3 e6 4. Bg5 h6 5. Bxf6 Qxf6 6. e4 Nc6 7. d5 Ne5 8.
Nbd2 Nxf3+ 9. Qxf3 Qxf3 10. Nxf3 exd5 11. exd5 d6 12. Bd3 Bg4 13. Nd2 O-O-O
14. f3 Bd7 15. a4 Be7 16. Kf2 Rhe8 17. Bb5 Kc7 18. Bxd7 Kxd7 19. Rhe1 Bg5
20. Nc4 Rxe1 21. Rxe1 Rb8 22. g3 b6 23. h4 Bd8 24. h5 a6 25. Ra1 Rb7 26.
Ne3 Bf6 27. Ke2 Rb8 28. f4 Rg8 29. Kf3 Rb8 30. Nc4 Kc7 31. g4 Rh8 32. Nd2
1/2-1/2

[Event "IX EICC"]
[Site "Plovdiv BUL"]
[Date "2008.04.22"]
[Round "2"]
[White "Kapnisis,S"]
[Black "Ivanov L.,S"]
[Result "1-0"]
[WhiteElo "2412"]
[BlackElo "2129"]
[EventDate "2008.04.21"]

1. e4 c5 2. Nf3 d6 3. d4 cxd4 4. Nxd4 Nf6 5. Nc3 a6 6. Be3 e5 7. Nb3 Be6 8.
f4 exf4 9. Bxf4 Nc6 10. Qe2 Be7 11. h3 O-O 12. O-O-O Qc7 13. Kb1 b5 14. g4
Ne5 15. g5 Nfd7 16. Nd5 Bxd5 17. exd5 Nb6 18. Bg2 Rac8 19. Nd4 Rfe8 20. Qf2
Bf8 21. Nc6 Nbc4 22. Bc1 Na5 23. h4 Naxc6 24. dxc6 Nxc6 25. h5 Ne5 26. g6
hxg6 27. hxg6 Nxg6 28. Bd5 Re7 29. Qh2 1-0

[Event "IX EICC"]
[Site "Plovdiv BUL"]
[Date "2008.04.22"]
[Round "2"]
[White "Kourousis,E"]
[Black "Laznicka,V"]
[Result "0-1"]
[WhiteElo "2191"]
[BlackElo "2578"]
[EventDate "2008.04.21"]

1. d4 Nf6 2. c4 e6 3. Nf3 d5 4. Nc3 Bb4 5. Bg5 O-O 6. cxd5 exd5 7. e3 c5 8.
dxc5 Bxc3+ 9. bxc3 Be6 10. Be2 Nbd7 11. O-O Nxc5 12. Qd4 Nce4 13. Bf4 Nh5
14. Bg3 Nhxg3 15. hxg3 Qa5 16. c4 Nc3 17. Bd3 dxc4 18. Rfc1 Rfd8 19. Qxc3
Qxc3 20. Rxc3 Rxd3 21. Rxd3 cxd3 22. a4 Rc8 23. Rb1 Bd5 24. Kf1 Rc2 25. Ne1
Bc4 26. Kg1 Re2 27. Nxd3 g5 28. Nc5 b6 29. Rb4 Rc2 30. Ne4 h6 31. Nd6 Be6
32. Nb5 a5 33. Rb1 Ba2 34. Ra1 Kf8 35. Rd1 h5 36. Rd6 Bb3 37. Nd4 Rc1+ 38.
Kh2 Bxa4 39. Rxb6 Bd7 40. Nb3 Rb1 41. Nc5 Bf5 42. Ra6 Rb5 43. Na4 Bc2 44.
Nc3 Rf5 45. f3 g4 46. f4 Rc5 47. Ne2 Be4 48. Nd4 Ke8 49. Ra7 f5 50. Kg1
Rc1+ 51. Kf2 Ra1 52. Nb5 Ra2+ 53. Ke1 Bxg2 54. Nd6+ Kd8 55. Nxf5 a4 56. Nd4
h4 57. gxh4 Bd5 58. Ne2 Bf3 59. Ng3 a3 60. h5 Rg2 61. Nf5 a2 62. Kf1 Rb2
63. h6 Rb1+ 64. Kf2 a1=Q 65. Rxa1 Rxa1 66. Kg3 Rh1 67. Nd6 Ke7 0-1

[Event "IX EICC"]
[Site "Plovdiv BUL"]
[Date "2008.04.22"]
[Round "2"]
[White "Colovic,A"]
[Black "Ivanisevic,I"]
[Result "0-1"]
[WhiteElo "2493"]
[BlackElo "2649"]
[EventDate "2008.04.21"]

1. e4 e5 2. Nf3 Nc6 3. Bb5 a6 4. Ba4 Nf6 5. O-O Be7 6. Re1 b5 7. Bb3 O-O 8.
c3 d5 9. d4 exd4 10. e5 Ne4 11. cxd4 Na5 12. Bc2 f5 13. exf6 Bxf6 14. Nbd2
Nxf2 15. Kxf2 Bxd4+ 16. Kf1 Qh4 17. Ne4 dxe4 18. Qxd4 Rxf3+ 19. gxf3 Bh3+
20. Ke2 exf3+ 21. Kd3 Bf5+ 22. Kc3 Qxe1+ 23. Bd2 Qe6 24. Bxf5 Qxf5 25. Bh6
b4+ 26. Kd2 Qf7 27. Rg1 g6 28. Rc1 c5 29. Rxc5 f2 30. Rc1 Nc6 31. Qc5 f1=Q
32. Rxf1 Qxf1 33. Qd5+ Kh8 34. Be3 Qf6 0-1

[Event "IX EICC"]
[Site "Plovdiv BUL"]
[Date "2008.04.22"]
[Round "2"]
[White "Kosic,D"]
[Black "Baklan,V"]
[Result "1/2-1/2"]
[WhiteElo "2500"]
[BlackElo "2647"]
[EventDate "2008.04.21"]

1. d4 e6 2. Nf3 c5 3. e3 Nf6 4. Bd3 d6 5. O-O Nbd7 6. c4 g6 7. Nc3 Bg7 8.
d5 exd5 9. cxd5 O-O 10. e4 a6 11. a4 Rb8 12. h3 Qe7 13. a5 b5 14. axb6 Rxb6
15. Re1 Re8 1/2-1/2

[Event "IX EICC"]
[Site "Plovdiv BUL"]
[Date "2008.04.22"]
[Round "2"]
[White "Vitiugov,N"]
[Black "Lintchevski,D"]
[Result "1/2-1/2"]
[WhiteElo "2617"]
[BlackElo "2450"]
[EventDate "2008.04.21"]

1. d4 d5 2. c4 c6 3. e3 Nf6 4. Nc3 a6 5. Nf3 b5 6. c5 g6 7. Bd3 Bg7 8. h3
O-O 9. O-O Nbd7 10. Re1 Re8 11. Ne2 e5 12. dxe5 Ne4 13. Ned4 Nexc5 14. Nxc6
Qb6 15. Ncd4 Nxe5 16. Nxe5 Bxe5 17. Bc2 Qf6 18. Rf1 Bb7 19. b4 Ne4 20. Bb2
Qe7 21. a3 Nd6 1/2-1/2

[Event "IX EICC"]
[Site "Plovdiv BUL"]
[Date "2008.04.22"]
[Round "2"]
[White "Iordachescu,V"]
[Black "Chigladze,I"]
[Result "0-1"]
[WhiteElo "2584"]
[BlackElo "2384"]
[EventDate "2008.04.21"]

1. e4 Nf6 2. e5 Nd5 3. d4 d6 4. Nf3 Bg4 5. Be2 e6 6. h3 Bh5 7. c4 Nb6 8.
exd6 cxd6 9. Nc3 Be7 10. d5 e5 11. c5 dxc5 12. g4 Bg6 13. Bb5+ N8d7 14. d6
Bh4 15. Bxd7+ Nxd7 16. Qa4 Qf6 17. Nxh4 Qxh4 18. Nd5 Rd8 19. Nc7+ Kf8 20.
Be3 h5 21. Rg1 Qxh3 22. Bg5 Nf6 23. O-O-O Qf3 24. Nd5 Rxd6 25. Nf4 Rd4 26.
Nxg6+ fxg6 27. Qa5 Qc6 28. Be3 Rxd1+ 29. Rxd1 Kf7 30. Qc3 hxg4 31. Qxe5 Rh1
32. Bxc5 b6 0-1

[Event "IX EICC"]
[Site "Plovdiv BUL"]
[Date "2008.04.22"]
[Round "2"]
[White "Rusev,K"]
[Black "Kukov,V"]
[Result "1/2-1/2"]
[WhiteElo "2516"]
[BlackElo "2365"]
[EventDate "2008.04.21"]

1. d4 g6 2. e4 Bg7 3. Nf3 c6 4. h3 d5 5. Nc3 dxe4 6. Nxe4 Nd7 7. Bd3 Ngf6
8. Nxf6+ Nxf6 9. O-O O-O 10. Re1 Bf5 11. Bxf5 gxf5 12. c3 e6 13. Bg5 Qc7
14. Qc1 Ne4 15. Bh6 Qe7 16. Bxg7 Kxg7 17. Qf4 Rg8 18. Nh4 Kf8 19. Nf3 Ng5
20. Kh1 Nxf3 21. Qxf3 Rd8 22. Re5 Qg5 23. Rae1 Rd5 24. Rxd5 cxd5 25. c4
dxc4 26. d5 exd5 27. Qxd5 Rg6 28. Qxb7 Qd2 29. Qb8+ Kg7 30. Qe5+ Kg8 31.
Re2 Qd1+ 32. Kh2 Qd6 33. f4 Qxe5 34. fxe5 Ra6 35. a3 c3 36. Kg3 cxb2 37.
Rxb2 Ra4 38. Rb7 Rxa3+ 39. Kf4 Ra2 40. g3 Ra3 41. h4 h6 42. h5 a5 43. Ra7
a4 44. Kxf5 Rxg3 45. Rxa4 Rf3+ 46. Kg4 Rf1 47. Ra7 Re1 1/2-1/2

[Event "IX EICC"]
[Site "Plovdiv BUL"]
[Date "2008.04.22"]
[Round "2"]
[White "Nanu,C"]
[Black "Mihok,O"]
[Result "1/2-1/2"]
[WhiteElo "2515"]
[BlackElo "2352"]
[EventDate "2008.04.21"]

1. Nf3 Nf6 2. c4 c5 3. g3 Nc6 4. Bg2 d5 5. cxd5 Nxd5 6. O-O e5 7. Nc3 Be6
8. Qa4 Nb6 9. Qc2 Be7 10. d3 Rc8 11. Ne4 Nd4 12. Qd2 f6 13. b3 O-O 14. Ba3
Nd5 15. Rac1 b6 16. e3 Nxf3+ 17. Bxf3 Qd7 18. Rfd1 Rfd8 19. Nc3 Nxc3 20.
Qxc3 Bf8 21. Bb2 Bf5 22. Qc4+ Kh8 23. Be4 Bg4 24. Rd2 b5 25. Qc2 f5 26. Bg2
e4 27. Bf1 Bf3 28. Bc3 Qb7 29. dxe4 Bxe4 30. Qb2 Bf3 31. Qc2 Be4 1/2-1/2

[Event "IX EICC"]
[Site "Plovdiv BUL"]
[Date "2008.04.22"]
[Round "2"]
[White "Badev,K"]
[Black "Sulashvili,M"]
[Result "0-1"]
[WhiteElo "2311"]
[BlackElo "2491"]
[EventDate "2008.04.21"]

1. e4 c6 2. d4 d5 3. exd5 cxd5 4. c4 Nf6 5. Nc3 e6 6. Nf3 Bb4 7. Bd3 dxc4
8. Bxc4 O-O 9. O-O b6 10. Bg5 Bb7 11. Rc1 Nbd7 12. a3 Bxc3 13. Rxc3 Rc8 14.
Qe2 b5 15. Bxb5 Rxc3 16. bxc3 Qa5 17. c4 Qxa3 18. c5 Rc8 19. h3 Qb4 20. Rc1
Bxf3 21. gxf3 Qxd4 22. c6 Qd5 23. Bf4 a6 24. Ba4 Nc5 25. Rd1 Qf5 26. c7 Nd5
27. Bd6 Nxa4 28. Qxa6 Nab6 29. Bc5 Qg5+ 30. Kf1 Nxc7 31. Qxb6 Nd5 32. Qb7
Qd8 33. Bd4 h6 34. Ra1 Qc7 35. Qb2 f6 36. Kg1 Qf4 37. Kg2 Qf5 38. Ra7 Nf4+
0-1

[Event "IX EICC"]
[Site "Plovdiv BUL"]
[Date "2008.04.22"]
[Round "2"]
[White "Berczes,D"]
[Black "Goumas,G"]
[Result "1/2-1/2"]
[WhiteElo "2453"]
[BlackElo "2234"]
[EventDate "2008.04.21"]

1. d4 Nf6 2. c4 e6 3. Nf3 d5 4. Nc3 Be7 5. cxd5 exd5 6. Bg5 h6 7. Bh4 O-O
8. e3 b6 9. Bd3 Bb7 10. O-O c5 11. Rc1 Na6 12. a3 Nc7 13. Bb1 Re8 14. dxc5
bxc5 15. Na4 Ne4 16. Bxe4 dxe4 17. Qxd8 Raxd8 18. Bxe7 Rxe7 19. Nxc5 exf3
20. Nxb7 Rb8 21. Nd6 fxg2 22. Rfd1 Rd7 23. Nc4 Rxd1+ 24. Rxd1 Ne6 25. Kxg2
Rc8 26. Ne5 Rc2 27. b4 f6 28. Nf3 Ra2 29. Rd3 Nc7 30. Nd4 a6 31. Nf5 h5 32.
Rd7 Ne8 33. Rd8 Kf7 34. Ra8 Rxa3 35. b5 a5 36. Nd4 Ra1 37. Ra7+ Kg6 38. Re7
Nd6 39. Rd7 Ne4 40. Ne6 Ra2 41. Nf4+ Kh6 42. Nd3 Ra1 43. b6 Rb1 44. b7 f5
45. f3 Nf6 46. Rc7 a4 47. Nc5 a3 48. Rc8 a2 49. Ra8 Rb2+ 50. Kg1 Nd7 51.
Ra6+ Kh7 52. Nxd7 Rxb7 53. Nf6+ gxf6 54. Rxa2 f4 55. exf4 Rb4 56. Ra5 Kg6
1/2-1/2

[Event "IX EICC"]
[Site "Plovdiv BUL"]
[Date "2008.04.22"]
[Round "2"]
[White "Kostopoulos,E"]
[Black "Grecescu,G"]
[Result "0-1"]
[WhiteElo "2152"]
[BlackElo "2423"]
[EventDate "2008.04.21"]

1. e4 c5 2. Nf3 Nc6 3. d4 cxd4 4. Nxd4 Nf6 5. Nc3 e5 6. Ndb5 d6 7. Bg5 a6
8. Na3 b5 9. Nd5 Be7 10. Bxf6 Bxf6 11. c4 b4 12. Nc2 a5 13. Be2 Bg5 14. O-O
O-O 15. b3 Be6 16. Nce3 Bxe3 17. fxe3 Nb8 18. a3 bxa3 19. Rxa3 Na6 20. Nc3
Qb6 21. Qd2 Nc5 22. Qc2 Rfb8 23. Nb5 Bd7 24. Raa1 Bc6 25. Bd3 Nxd3 26. Qxd3
Bxb5 27. cxb5 Qxb5 28. Qxd6 Qxb3 29. Qxe5 Qxe3+ 30. Kh1 Qb6 31. Ra4 Qb5 32.
Qa1 Re8 33. h3 Re5 34. Rd1 h6 35. Kh2 Rae8 36. Rd5 Rxd5 37. exd5 Qb8+ 38.
g3 Re2+ 0-1

[Event "IX EICC"]
[Site "Plovdiv BUL"]
[Date "2008.04.22"]
[Round "2"]
[White "Rigopoulos Tsigkos,A"]
[Black "Georgiadis,I"]
[Result "0-1"]
[WhiteElo "1980"]
[BlackElo "2394"]
[EventDate "2008.04.21"]

1. e4 c5 2. c3 d5 3. exd5 Qxd5 4. d4 Nf6 5. Nf3 e6 6. Na3 Qd8 7. Nc2 Be7 8.
Bd3 O-O 9. O-O Qc7 10. Re1 Nbd7 11. Ne3 cxd4 12. cxd4 Nb6 13. Bd2 Bd7 14.
Rc1 Qd8 15. Ne5 Bc6 16. Nxc6 bxc6 17. Bc3 Nfd5 18. Nxd5 cxd5 19. Re5 g6 20.
Qd2 Bf6 21. Rh5 Bg7 22. Rh3 Rc8 23. Re1 Nc4 24. Qf4 Qf6 25. Qg4 Rc6 26. Rf3
Qe7 27. Qf4 Rfc8 28. Bxc4 Rxc4 29. a3 e5 30. Qd2 e4 31. Rh3 f5 32. b3 R4c6
33. Bb4 Qf7 34. Bc5 f4 35. b4 Re8 36. b5 Rce6 37. Rf1 g5 38. Rb3 f3 39. Qe3
g4 40. b6 axb6 41. Rxb6 Bh6 42. Qb3 e3 43. Rxe6 Qxe6 44. Qd3 e2 45. Re1 Qe4
46. Qc3 Rb8 47. Bb4 Bg7 48. Qc7 Re8 49. gxf3 gxf3 50. Kh1 Qg6 51. Qg3 Qxg3
0-1

[Event "IX EICC"]
[Site "Plovdiv BUL"]
[Date "2008.04.22"]
[Round "2"]
[White "Dinev,De"]
[Black "Janev,E"]
[Result "0-1"]
[WhiteElo "2298"]
[BlackElo "2472"]
[EventDate "2008.04.21"]

1. d4 d6 2. Nf3 Nf6 3. c4 c6 4. Nc3 Bg4 5. h3 Bxf3 6. gxf3 Nbd7 7. e4 e5 8.
d5 Be7 9. f4 cxd5 10. cxd5 exf4 11. Bxf4 O-O 12. Bg2 Qb6 13. Qe2 Nc5 14.
O-O Nfd7 15. Rab1 a5 16. Be3 Bf6 17. Kh1 Rfe8 18. f3 a4 19. Nb5 Ra5 20. Na3
Qd8 21. Rfd1 Ra6 22. Rbc1 Qe7 23. Nb5 Rb6 24. Rc2 Bg5 25. Bf2 Bf4 26. b4
axb3 27. axb3 Nxb3 28. Bxb6 Nxb6 29. Nc7 Rc8 30. Qb5 Nc5 31. Qxb6 Rxc7 32.
e5 Bxe5 33. Re2 Na4 34. Qa5 Rc4 35. f4 Nc3 36. Qa8+ Qf8 37. Qxf8+ Kxf8 38.
fxe5 Nxe2 39. exd6 Ng3+ 40. Kh2 Nf5 41. d7 Ke7 42. d6+ Kxd7 43. Bxb7 Nxd6
44. Bd5 Rc2+ 45. Kg3 Rc3+ 46. Kf4 Ke7 47. h4 Ra3 48. Re1+ Kf6 49. Bc6 Rc3
50. Bd5 Rd3 0-1

[Event "IX EICC"]
[Site "Plovdiv BUL"]
[Date "2008.04.22"]
[Round "2"]
[White "Filip,L"]
[Black "Sigalas,F"]
[Result "1/2-1/2"]
[WhiteElo "2459"]
[BlackElo "2250"]
[EventDate "2008.04.21"]

1. Nf3 Nf6 2. c4 e6 3. g3 b6 4. Bg2 Bb7 5. Nc3 Be7 6. O-O O-O 7. b3 d5 8.
Ne5 c5 9. d4 Nbd7 10. Bf4 Rc8 11. cxd5 exd5 12. Bh3 cxd4 13. Nb5 Rc5 14.
Nxd7 Nxd7 15. Nxd4 Bf6 16. Bd6 Re8 17. e3 Nf8 18. Bxf8 Kxf8 19. Qh5 Kg8 20.
Rfd1 g6 21. Qe2 Qe7 22. Rd2 h5 23. Rad1 h4 24. Bg2 hxg3 25. hxg3 Rec8 26.
Qf1 Bg5 27. Bf3 Qe5 28. Qg2 Rc1 29. Qf1 Rxd1 30. Rxd1 Rc3 31. Qe1 Rc5 32.
Qe2 a6 33. Qd2 Qc7 34. Kg2 Bf6 35. Rh1 a5 36. Qd3 Rc3 37. Qb5 Qd8 38. Rd1
Rc5 39. Qd3 Qc7 40. Rh1 Rc3 41. Qb5 Qd8 42. Rd1 Rc5 43. Qd3 Qc7 44. Ne6
fxe6 45. Qxg6+ Bg7 46. Qe8+ Bf8 47. Qg6+ Qg7 48. Qxe6+ Qf7 49. Qxb6 Rc6 50.
Qd4 Rf6 51. Qg4+ 1/2-1/2

[Event "IX EICC"]
[Site "Plovdiv BUL"]
[Date "2008.04.22"]
[Round "2"]
[White "Damaso,R"]
[Black "Elkin,L"]
[Result "1-0"]
[WhiteElo "2449"]
[BlackElo "2213"]
[EventDate "2008.04.21"]

1. Nf3 Nf6 2. c4 g6 3. Nc3 Bg7 4. g3 O-O 5. Bg2 d6 6. O-O Nc6 7. d4 a6 8.
h3 Rb8 9. e4 Bd7 10. d5 Na5 11. e5 Ne8 12. Qe2 dxe5 13. Nxe5 Bxe5 14. Qxe5
Nxc4 15. Qd4 Ncd6 16. Re1 Nf5 17. Qd3 Ned6 18. g4 Ng7 19. Bh6 f6 20. Re3
Rf7 21. Rae1 b5 22. Qe2 b4 23. Ne4 Bb5 24. Qc2 Nxe4 25. Rxe4 a5 26. Qc5 Ne8
27. Rxe7 Nd6 28. Rxf7 Kxf7 29. Bf4 Qd7 30. Re6 Re8 31. Qa7 a4 32. Rxe8 Nxe8
33. Qc5 b3 34. axb3 axb3 35. Qb4 Ba4 36. Bg3 Qb5 37. Qc3 Qb6 38. d6 Nxd6
39. Bxd6 Qxd6 40. Qc4+ Ke7 41. Qxa4 Qd1+ 42. Bf1 Qc2 43. Qb4+ c5 44. Qb7+
Kd6 45. Qb8+ Kd5 46. Qd8+ Ke6 47. Bc4+ Ke5 48. Qd5+ Kf4 49. Qxc5 Qxb2 50.
Qe3+ 1-0

[Event "IX EICC"]
[Site "Plovdiv BUL"]
[Date "2008.04.22"]
[Round "2"]
[White "Baumegger,S"]
[Black "Vlashki,N"]
[Result "1-0"]
[WhiteElo "2440"]
[BlackElo "2206"]
[EventDate "2008.04.21"]

1. c4 Nf6 2. Nc3 g6 3. d4 Bg7 4. e4 d6 5. f3 O-O 6. Be3 b6 7. Nge2 c5 8. d5
Na6 9. Ng3 Nc7 10. Be2 a6 11. a4 e6 12. O-O exd5 13. cxd5 Re8 14. Qd2 Rb8
15. Rab1 b5 16. axb5 Nxb5 17. Bxb5 axb5 18. b4 c4 19. Bd4 h5 20. Ra1 Kh7
21. Ra7 Re7 22. Rfa1 Ne8 23. Nge2 Rxa7 24. Rxa7 Bd7 25. Bxg7 Nxg7 26. Nd4
Be8 27. Qe3 h4 28. f4 Qb6 29. Ra5 f6 30. Kf2 Nh5 31. Ne6 Bf7 32. Rxb5 Qxe3+
33. Kxe3 Re8 34. Rb7 Kg8 35. f5 Ra8 36. fxg6 Bxg6 37. b5 f5 38. b6 fxe4 39.
Ra7 Rb8 40. b7 Nf6 41. Nd4 Nd7 42. Nc6 Re8 43. Ra8 Kf7 44. Nb5 c3 45. Nxd6+
Kf8 46. Nxe8 c2 47. Nd6+ Kg7 48. Ra1 1-0

[Event "IX EICC"]
[Site "Plovdiv BUL"]
[Date "2008.04.22"]
[Round "2"]
[White "Stanoev,A"]
[Black "Bratanov,Z"]
[Result "1-0"]
[WhiteElo "2193"]
[BlackElo "2440"]
[EventDate "2008.04.21"]

1. d4 Nf6 2. c4 e6 3. Nc3 Bb4 4. Qc2 O-O 5. a3 Bxc3+ 6. Qxc3 b5 7. cxb5 c6
8. bxc6 Nxc6 9. Nf3 Qb6 10. e3 Ba6 11. Bxa6 Qxa6 12. Qd2 Rab8 13. Qe2 Qa5+
14. Nd2 Qd5 15. O-O a5 16. Rb1 Rb7 17. f3 Re8 18. b3 e5 19. dxe5 Qxe5 20.
Re1 Nd5 21. Bb2 Qe6 22. Qf2 Ne5 23. Qg3 Ng6 24. Ne4 Qb6 25. Bd4 Qc7 26. Nd6
Re6 27. Rbc1 Qxd6 28. Rc8+ Qf8 29. Rxf8+ Kxf8 30. f4 f5 31. h4 Nf6 32. Bxf6
gxf6 33. e4 Rxe4 34. Rxe4 fxe4 35. Qc3 Ke7 36. g3 f5 37. Qc5+ Ke6 38. Qc4+
Ke7 39. h5 Nf8 40. Qc5+ 1-0

[Event "IX EICC"]
[Site "Plovdiv BUL"]
[Date "2008.04.22"]
[Round "2"]
[White "Chirila,I"]
[Black "Ljangov,P"]
[Result "1-0"]
[WhiteElo "2422"]
[BlackElo "2192"]
[EventDate "2008.04.21"]

1. e4 c5 2. Nf3 a6 3. c4 Nc6 4. d4 cxd4 5. Nxd4 Nf6 6. Nc3 e5 7. Nc2 Bc5 8.
Be2 O-O 9. O-O Nd4 10. Bg5 Ne6 11. Bh4 Be7 12. Bxf6 Bxf6 13. Bg4 d6 14. Ne3
Nd4 15. Bxc8 Rxc8 16. Qd3 Bg5 17. Nf5 Bf6 18. Nxd4 exd4 19. Nd5 Re8 20.
Rad1 g6 21. Nxf6+ Qxf6 22. f3 Qe6 23. b3 Rc6 24. Rf2 Rec8 25. Qxd4 b5 26.
cxb5 axb5 27. Rfd2 Ra8 28. Qb4 Qe5 29. Rxd6 Rxd6 30. Qxd6 Qb2 31. Qc5 Qe2
32. Ra1 Rxa2 33. Qc8+ Kg7 34. Qc3+ Kg8 35. Rxa2 Qxa2 36. Qd3 Qa1+ 37. Kf2
Qa7+ 38. Kg3 Qc5 39. Qd5 Qb4 40. Kf4 Kg7 41. g3 h6 42. h4 Qa5 43. h5 gxh5
44. Qxh5 Qd2+ 45. Kg4 b4 46. Qe5+ Kg8 47. Qd5 Qc3 48. e5 Qc8+ 49. Kh4 Qc3
50. f4 Qe1 51. Qf3 Qd2 52. f5 Qc3 53. Qg4+ Kf8 54. f6 Qxe5 55. Qc8+ Qe8 56.
Qxe8+ Kxe8 57. Kh5 Kf8 58. Kxh6 Kg8 59. g4 Kh8 60. g5 Kg8 61. g6 Kh8 62.
g7+ Kg8 63. Kg5 Kh7 64. Kf5 1-0

[Event "IX EICC"]
[Site "Plovdiv BUL"]
[Date "2008.04.22"]
[Round "2"]
[White "Dimitrov,Pa"]
[Black "Bozinovic,Bob"]
[Result "1-0"]
[WhiteElo "2414"]
[BlackElo "2134"]
[EventDate "2008.04.21"]

1. e4 d5 2. exd5 Qxd5 3. Qf3 Qxf3 4. Nxf3 Nf6 5. d4 Bf5 6. c3 h6 7. Bc4 e6
8. Nbd2 c6 9. h3 Nbd7 10. a4 a5 11. O-O Be7 12. Re1 O-O 13. Nf1 Rfe8 14.
Bf4 Nd5 15. Bh2 N7f6 16. Ne5 Rad8 17. Bb3 Bd6 18. Nd2 Nd7 19. Nec4 Bxh2+
20. Kxh2 b6 21. Nd6 Rf8 22. Nxf5 exf5 23. Nc4 g6 24. Re2 Rfe8 25. Bd1 N7f6
26. Rxe8+ Rxe8 27. Bf3 Re6 28. Ne5 Ne4 29. g4 Nd2 30. Bg2 Kg7 31. gxf5 gxf5
32. c4 Nb4 33. Rd1 Ne4 34. f3 Nf6 35. f4 Nc2 36. Bxc6 Ne3 37. Rg1+ Kf8 38.
Bf3 Nc2 39. Rd1 Ne4 40. d5 Rd6 41. Bh5 Ne3 42. Re1 Nxd5 43. cxd5 Rxd5 44.
Re2 Nf6 45. Bxf7 Rd4 46. Bc4 Nh5 47. b3 Nxf4 48. Rf2 Kg7 49. Nc6 Re4 50.
Ne7 Rxe7 51. Rxf4 Kg6 52. Rd4 Kg5 53. h4+ Kh5 54. Kg3 Rg7+ 55. Kf3 1-0

[Event "IX EICC"]
[Site "Plovdiv BUL"]
[Date "2008.04.22"]
[Round "2"]
[White "Berbatov,K"]
[Black "Kokarev,Dm"]
[Result "0-1"]
[WhiteElo "2220"]
[BlackElo "2579"]
[EventDate "2008.04.21"]

1. e4 c5 2. Nf3 d6 3. d4 cxd4 4. Nxd4 Nf6 5. Nc3 a6 6. Bc4 e6 7. Bb3 Nbd7
8. f4 Nc5 9. e5 dxe5 10. fxe5 Nfd7 11. Bf4 g6 12. Qe2 Bg7 13. O-O-O Qc7 14.
Nf3 b5 15. Rd6 Bb7 16. Rhd1 O-O 17. Kb1 Nb6 18. Ng5 b4 19. Nce4 Nxb3 20.
cxb3 Nd5 21. Bg3 Qe7 22. Rf1 Rac8 23. Qf2 Bc6 24. Qd4 Bb5 25. Re1 a5 26.
Qd2 Qb7 27. Nf3 a4 28. Nd4 axb3 29. axb3 Bh6 0-1

[Event "IX EICC"]
[Site "Plovdiv BUL"]
[Date "2008.04.22"]
[Round "2"]
[White "Spasov,V"]
[Black "Schroll,G"]
[Result "1-0"]
[WhiteElo "2579"]
[BlackElo "2410"]
[EventDate "2008.04.21"]

1. e4 e5 2. Bc4 Bc5 3. Nf3 Nc6 4. O-O Nf6 5. d3 d6 6. c3 O-O 7. Nbd2 a6 8.
Bb3 Ba7 9. Nc4 Be6 10. Bg5 h6 11. Bh4 g5 12. Bg3 Ne7 13. Re1 Ng6 14. d4
Nxe4 15. Rxe4 Bxc4 16. Bxc4 d5 17. Nxe5 Nxe5 18. Bxd5 Qxd5 19. Rxe5 Qc6 20.
h4 1-0

[Event "IX EICC"]
[Site "Plovdiv BUL"]
[Date "2008.04.22"]
[Round "2"]
[White "Istratescu,A"]
[Black "Papadopoulos,I"]
[Result "1-0"]
[WhiteElo "2628"]
[BlackElo "2471"]
[EventDate "2008.04.21"]

1. Nf3 Nf6 2. c4 e6 3. g3 d5 4. Bg2 d4 5. O-O Nc6 6. d3 Be7 7. e3 e5 8.
exd4 exd4 9. Na3 Nb4 10. Nb5 O-O 11. Nbxd4 c5 12. a3 cxd4 13. axb4 Bxb4 14.
Bd2 Bxd2 15. Qxd2 Bf5 16. Nh4 Bc8 17. Rfe1 Qc7 18. Qa5 Qd6 19. b4 a6 20.
Nf5 Bxf5 21. Qxf5 Rab8 22. c5 Qd8 23. Re5 Re8 24. Rae1 Rxe5 25. Qxe5 Qd7
26. Qxb8+ 1-0

[Event "IX EICC"]
[Site "Plovdiv BUL"]
[Date "2008.04.22"]
[Round "2"]
[White "Popov,Iv RUS"]
[Black "Ris,R"]
[Result "1-0"]
[WhiteElo "2594"]
[BlackElo "2395"]
[EventDate "2008.04.21"]

1. e4 c5 2. Nf3 d6 3. d4 cxd4 4. Nxd4 Nf6 5. Nc3 a6 6. Be2 e5 7. Nb3 Be7 8.
Bg5 Nbd7 9. a4 b6 10. Bc4 Bb7 11. Qe2 O-O 12. O-O h6 13. Bxf6 Nxf6 14. Rfd1
Qc7 15. Nd5 Bxd5 16. Bxd5 Nxd5 17. Rxd5 g6 18. c3 f5 19. Nd2 Qc6 20. Qc4
Qxc4 21. Nxc4 b5 22. Nb6 Ra7 23. axb5 Rb7 24. Rxa6 Rfb8 25. Nc4 Rxb5 26.
Rxb5 Rxb5 27. f3 Kf7 28. Rb6 1-0